000 00482nam a2200169Ia 4500
008 230917s9999||||xx |||||||||||||| ||und||
020 _cRS995
040 _e236852
_aMAIN
041 _aEnglish
082 _a361.32 P272S
100 _aPatel, Chhaya
245 0 _aSocial work practice: Religio-philosophial foundations
260 _aJaipur
_bRawat Publications
_c1999
300 _a348 p.
500 _a2522 04/01/2017 HBD17/6759 05/01/2017 Main Budget Periodicals
942 _cBK
999 _c20465
_d20465